00958nam a22002417a 450000500170000000800410001701700370005802000180009504000230011308200230013610000350015924501090019425000170030326000660032030000350038650400600042165000390048165000340052065100100055494200120056499900170057695201230059320240530110937.0221019s2021 ua ah f b 000 0 ara d a20068bمصر. دار الكتب a9789773145767 aEG-CaGPLcEG-CaGPL04221a738.18/bف خ0 aفاطمة صلاح مدكور12aالخزف وتكنولوجيا صناعتة وترميمة /cتاليف فاطمة صلاح مدكور aالاولى aالقاهرة : bمكتبة زهراء الشرق ،c2021. a248 ص. :bايض ؛c24 سم. aيشتمل على ارجاعات ببليوجرافية072qrmakaالفنون الخزفية072qrmakaالخزفxتصليح 2qrmak 2ddccBK c66757d66757 00104070aCAIbCAIcالفنون-عربىd2022-10-19l0o738.18/ ف خp168615r2022-10-19 00:00:00w2022-10-19yBK